Основы общей психологии

מידע ביבליוגרפי
מחבר ראשי: Рубинштейн С. Л. Сергей Леонидович
סיכום:Классический труд С. Л. Рубинштейна «Основы общей психологии» относится к числу наиболее значительных достижений отечественной психологической науки. Широта теоретических обобщений в сочетании с энциклопедическим охватом исторического и экспериментального материала, безупречная ясность методологических принципов сделали «Основы...» настольной книгой для нескольких поколений психологов, педагогов, философов. Несмотря на то что с момента ее первой публикации прошло более полувека, она остается одним из лучших учебников по общей психологии и в полной мере сохраняет свою научную актуальность.
שפה:רוסית
יצא לאור: СПб, Питер, 2011
סדרה:Мастера психологии
נושאים:
פורמט: ספר
KOHA link:https://koha.lib.tpu.ru/cgi-bin/koha/opac-detail.pl?biblionumber=189115

MARC

LEADER 00000nam0a2200000 4500
001 189115
005 20231101224202.0
010 |a 9785314000168 
035 |a (RuTPU)RU\TPU\book\205439 
035 |a RU\TPU\book\40192 
090 |a 189115 
100 |a 20020327d2011 k y0rusy50 ca 
101 0 |a rus 
102 |a RU 
105 |a a z 001zy 
200 1 |a Основы общей психологии  |f С. Л. Рубинштейн 
210 |a СПб  |c Питер  |d 2011 
215 |a 713 с.  |c ил. 
225 1 |a Мастера психологии 
320 |a Библиогр.: с. 670-678. 
330 |a Классический труд С. Л. Рубинштейна «Основы общей психологии» относится к числу наиболее значительных достижений отечественной психологической науки. Широта теоретических обобщений в сочетании с энциклопедическим охватом исторического и экспериментального материала, безупречная ясность методологических принципов сделали «Основы...» настольной книгой для нескольких поколений психологов, педагогов, философов. Несмотря на то что с момента ее первой публикации прошло более полувека, она остается одним из лучших учебников по общей психологии и в полной мере сохраняет свою научную актуальность. 
451 1 |0 (RuTPU)RU\TPU\book\40192  |y 5-314-00016-4  |t Основы общей психологии  |f С. Л. Рубинштейн  |c СПб  |n Питер  |d 2002  |p 720 с.  |s Мастера психологии  |a Рубинштейн, С. Л.  
606 1 |a Психология общая  |2 stltpush  |3 (RuTPU)RU\TPU\subj\53137  |9 71487 
610 1 |a психология 
610 1 |a история 
610 1 |a психика 
610 1 |a сознание 
610 1 |a ощущение 
610 1 |a восприятие 
610 1 |a память 
610 1 |a воображение 
610 1 |a мышление 
610 1 |a речь 
610 1 |a внимание 
610 1 |a деятельность 
610 1 |a личность 
610 1 |a эмоции 
610 1 |a воля 
610 1 |a характер 
610 1 |a темперамент 
686 |a Ю93я73  |v LBC/SL-A  |2 rubbk 
700 1 |a Рубинштейн  |b С. Л.  |g Сергей Леонидович 
801 1 |a RU  |b 63413507  |c 20101220 
801 2 |a RU  |b 63413507  |c 20120910  |g RCR 
900 |a Психология 
942 |c BK 
959 |a 93/20101220  |d 1  |e 279,00  |f ЧЗГЛ:1 
959 |a 52/20110518  |d 1  |e 279,00  |f ЧЗГЛ:1